Proyecto: Transporte de residuos industriales por las rutas indicadas. Declaración de impacto ambiental
Gorde:
| Egile nagusia: | |
|---|---|
| Erakunde egilea: | |
| Formatua: | Liburua |
| Hizkuntza: | gaztelania |
| Argitaratua: |
Los Angeles
ECOSUR S.A
2003
|
| Gaiak: | |
| Etiketak: |
Etiketa erantsi
Etiketarik gabe, Izan zaitez lehena erregistro honi etiketa jartzen!
|
MARC
| LEADER | 00000nam a2200000 a 4500 | ||
|---|---|---|---|
| 001 | UCK4803 | ||
| 003 | CL-VaPUC | ||
| 008 | 050624e20030000CL |||||||||||||||||spa|d | ||
| 082 | 0 | 4 | |a 363.731 |b MUÑ |2 21 |
| 100 | |a Muñoz Arévalo, Marcelo |e autor |9 493407 | ||
| 110 | 2 | |a ECOSUR, Gestión de Residuos |e author |9 493408 | |
| 245 | 1 | 0 | |a Proyecto: Transporte de residuos industriales por las rutas indicadas. Declaración de impacto ambiental |
| 300 | |a Pág. irreg | ||
| 942 | |c BK | ||
| 945 | |d 20050624 00:00:00 |a cmena | ||
| 260 | |a Los Angeles |b ECOSUR S.A |c 2003 | ||
| 500 | |a Anexos: Documentación legal; Mapas de las rutas solicitadas; Plan de contingencias | ||
| 650 | 0 | |a Impacto ambiental |9 262796 | |
| 650 | 0 | |a Residuos industriales |9 261421 | |
| 650 | 7 | |a TRANSPORTE DE RESIDUOS |2 CL-VaPUC |9 493409 | |
| 650 | 7 | |a CONTAMINACION INDUSTRIAL |2 CL-VaPUC |9 261690 | |
| 650 | 0 | |a Protección del medio ambiente |9 257626 | |
| 583 | |a last modification |c 20050624 00:00:00 |k Rodrigo Vera | ||
| 999 | |c 313547 |d 313545 | ||
| 952 | |0 0 |1 0 |4 0 |6 363_731000000000000_MUÑ_2003 |7 0 |8 P |9 384957 |a BIBING |b BIBING |d 2019-11-22 |i 4137256 |o 363.731 MUÑ 2003 |p 4137256 |r 2025-01-20 |w 2019-11-22 |y BK |k CCL | ||